[Event "Tehran Paytakht Cup 1st"]
[Site "Tehran"]
[Date "2016.10.28"]
[Round "5"]
[White "Godarz, Kasra"]
[Black "Gholami Orimi, Mahdi"]
[Result "1/2-1/2"]
[WhiteElo "2205"]
[BlackElo "2312"]
[PlyCount "41"]
[EventDate "2016.10.25"]
[EventType "swiss"]
[EventRounds "9"]
[EventCountry "IRI"]
[SourceTitle "EXT 2018"]
[Source "ChessBase"]
[SourceDate "2017.10.13"]
[SourceVersion "1"]
[SourceVersionDate "2017.10.13"]
[SourceQuality "1"]

1. d4 Nf6 2. Nf3 e6 3. e3 b6 4. Bd3 Bb7 5. 0-0 d5 6. b3 Bd6 7. Bb2 0-0 8. Nbd2 Nbd7 9. Ne5 Ne4 10. f3 Nxd2 11. Qxd2 Nxe5 12. dxe5 Be7 13. Rad1 f6 14. c4 fxe5 15. Bxe5 Bd6 16. Bxd6 Qxd6 17. cxd5 exd5 18. e4 Rad8 19. exd5 Bxd5 20. Qc2 h6 21. Qc3 1/2-1/2

[Event "Tehran Paytakht Cup 1st"]
[Site "Tehran"]
[Date "2016.10.25"]
[Round "1"]
[White "Godarz, Kasra"]
[Black "Tabatabaei, Mohammad Amin"]
[Result "0-1"]
[WhiteElo "2205"]
[BlackElo "2486"]
[PlyCount "87"]
[EventDate "2016.10.25"]
[EventType "swiss"]
[EventRounds "9"]
[EventCountry "IRI"]
[SourceTitle "EXT 2018"]
[Source "ChessBase"]
[SourceDate "2017.10.13"]
[SourceVersion "1"]
[SourceVersionDate "2017.10.13"]
[SourceQuality "1"]

1. e4 d6 2. d4 Nf6 3. Nc3 e5 4. Nf3 Nbd7 5. g4 Nxg4 6. Rg1 Ngf6 7. dxe5 Nxe5 8. Nxe5 dxe5 9. Qxd8+ Kxd8 10. f4 Nd7 11. fxe5 Nxe5 12. Bg5+ f6 13. 0-0-0+ Bd7 14. Bf4 Kc8 15. Kb1 c6 16. Rg3 Be6 17. Ne2 Ng6 18. Nd4 Bd7 19. Bc1 Bd6 20. Rg2 Bh3 21. Rf2 Bxf1 22. Nf5 Bc5 23. Rfxf1 Rg8 24. h4 h5 25. b4 Bf8 26. Bb2 Kc7 27. Rg1 Ne5 28. Bxe5+ fxe5 29. Rg6 Bxb4 30. Nxg7 Kb6 31. Rdg1 Rad8 32. Kb2 Kb5 33. Nxh5 Rxg6 34. Rxg6 Kc4 35. Nf6 Rd1 36. Rg3 Bd2 37. Rd3 Bc1+ 38. Kb1 Rf1 39. a3 Be3+ 40. Ka2 Bd4 41. Rxd4+ Kxd4 42. Nd7 Rh1 43. Kb2 Rd1 44. Nf6 0-1

[Event "Avicenna op 13th"]
[Site "Hamedan"]
[Date "2016.08.25"]
[Round "2"]
[White "Godarz, Kasra"]
[Black "Bernadskiy, Vitaliy"]
[Result "0-1"]
[WhiteElo "2241"]
[BlackElo "2549"]
[PlyCount "70"]
[EventDate "2016.08.24"]
[EventType "swiss"]
[EventRounds "9"]
[EventCountry "IRI"]
[SourceTitle "CBM 174 Extra"]
[Source "ChessBase"]
[SourceDate "2016.10.10"]
[SourceVersion "1"]
[SourceVersionDate "2016.10.10"]
[SourceQuality "1"]

1. e4 c6 2. d4 d5 3. Nc3 dxe4 4. Nxe4 Nd7 5. Nf3 Ngf6 6. Ng3 e6 7. Bd3 c5 8. 0-0 Be7 9. b3 0-0 10. Bb2 b6 11. c4 Bb7 12. Qe2 cxd4 13. Nxd4 Nc5 14. Bc2 Qc7 15. Rfe1 Rfe8 16. Rad1 Rac8 17. Nb5 Qc6 18. f3 Ra8 19. Be5 Ncd7 20. Nc7 Bc5+ 21. Kh1 Nxe5 22. Nxe8 Rxe8 23. Bxh7+ Nxh7 24. Qxe5 Qxf3 25. Rd2 Qf6 26. Qc7 Qc3 27. Red1 Ba8 28. Rd8 Rf8 29. Qxa7 Rxd8 30. Rxd8+ Nf8 31. Rxf8+ Bxf8 32. h3 Qxg3 33. Qxa8 g6 34. Qd8 Qe1+ 35. Kh2 Qe5+ 0-1

[Event "IRI-chT 14th"]
[Site "Tehran"]
[Date "2015.11.12"]
[Round "12.3"]
[White "Godarz, Kasra"]
[Black "Grabliauskas, Virginijus"]
[Result "0-1"]
[WhiteElo "2102"]
[BlackElo "2332"]
[PlyCount "78"]
[EventDate "2015.07.17"]
[EventType "team-tourn"]
[EventRounds "13"]
[EventCountry "IRI"]
[SourceTitle "EXT 2017"]
[Source "ChessBase"]
[SourceDate "2016.10.25"]
[SourceVersion "1"]
[SourceVersionDate "2016.10.25"]
[SourceQuality "1"]
[WhiteTeam "Nasouz Azarakhsh"]
[BlackTeam "Lorestan Rah & Shahrsazi"]
[WhiteTeamCountry "IRI"]
[BlackTeamCountry "IRI"]

1. e4 e5 2. Nf3 Nc6 3. Bb5 a6 4. Ba4 Nf6 5. 0-0 Be7 6. Re1 b5 7. Bb3 d6 8. c3 0-0 9. d4 Bg4 10. Be3 exd4 11. cxd4 Na5 12. Bc2 c5 13. Nbd2 Rc8 14. h3 Bh5 15. Rc1 cxd4 16. Bxd4 Nc6 17. Be3 d5 18. g4 Bg6 19. e5 Ne4 20. Bb3 Bb4 21. a3 Ba5 22. Ba2 Nxd2 23. Bxd2 Bxd2 24. Qxd2 Be4 25. Qf4 Bxf3 26. Qxf3 Nxe5 27. Qxd5 Rxc1 28. Rxc1 Qf6 29. Rc3 Rd8 30. Qe4 g6 31. Re3 Rd2 32. Re2 Nf3+ 33. Kg2 Rd1 34. Qe8+ Kg7 35. Qxf7+ Qxf7 36. Bxf7 Ne1+ 37. Rxe1 Rxe1 38. Bd5 Rb1 39. b3 Ra1 0-1

[Event "IRI-chT 14th"]
[Site "Tehran"]
[Date "2015.11.12"]
[Round "11.3"]
[White "Lorparizangeneh, Shahin"]
[Black "Godarz, Kasra"]
[Result "1-0"]
[WhiteElo "2426"]
[BlackElo "2102"]
[PlyCount "71"]
[EventDate "2015.07.17"]
[EventType "team-tourn"]
[EventRounds "13"]
[EventCountry "IRI"]
[SourceTitle "EXT 2017"]
[Source "ChessBase"]
[SourceDate "2016.10.25"]
[SourceVersion "1"]
[SourceVersionDate "2016.10.25"]
[SourceQuality "1"]
[WhiteTeam "Pardis Park Fanavari"]
[BlackTeam "Nasouz Azarakhsh"]
[WhiteTeamCountry "IRI"]
[BlackTeamCountry "IRI"]

1. d4 Nf6 2. c4 g6 3. f3 Bg7 4. e4 0-0 5. Nc3 c5 6. dxc5 Na6 7. Be3 b6 8. cxb6 axb6 9. Nge2 d6 10. Nf4 Be6 11. Be2 Rc8 12. Nxe6 fxe6 13. 0-0 Nc5 14. b4 Ncd7 15. Qb3 Kh8 16. Rae1 e5 17. Nd5 Rb8 18. a4 h5 19. Bg5 Kh7 20. Qe3 Ra8 21. Ra1 e6 22. Nc3 Nb8 23. Qd2 Nc6 24. Nb5 Nd4 25. Nxd4 exd4 26. Qxd4 Qd7 27. e5 Ne8 28. f4 Rxa4 29. Rxa4 Qxa4 30. Qd3 Qxb4 31. Bxh5 dxe5 32. Bxg6+ Kg8 33. Bh7+ Kh8 34. Qh3 Qc5+ 35. Kh1 Nf6 36. Bf5+ 1-0

[Event "IRI-chT 14th"]
[Site "Tehran"]
[Date "2015.09.18"]
[Round "8.2"]
[White "Godarz, Kasra"]
[Black "Khademi, Mohammad Miran"]
[Result "1-0"]
[WhiteElo "2102"]
[BlackElo "2235"]
[PlyCount "55"]
[EventDate "2015.07.17"]
[EventType "team-tourn"]
[EventRounds "13"]
[EventCountry "IRI"]
[SourceTitle "EXT 2016"]
[Source "ChessBase"]
[SourceDate "2015.10.08"]
[SourceVersion "1"]
[SourceVersionDate "2015.10.08"]
[SourceQuality "1"]
[WhiteTeam "Nasouz Azarakhsh"]
[BlackTeam "Sarmaye Bank"]
[WhiteTeamCountry "IRI"]
[BlackTeamCountry "IRI"]

1. e4 e5 2. Nf3 Nc6 3. Bb5 a6 4. Ba4 d6 5. 0-0 Bd7 6. c3 g6 7. d4 Bg7 8. Bg5 Nce7 9. dxe5 dxe5 10. Bxd7+ Qxd7 11. Nbd2 h6 12. Be3 f5 13. Nc4 fxe4 14. Qxd7+ Kxd7 15. Nfxe5+ Ke6 16. f4 Nf6 17. Bc5 Bf8 18. Rad1 b5 19. Nxg6 Nxg6 20. f5+ Kf7 21. fxg6+ Ke6 22. Bd4 Be7 23. Nd2 e3 24. Bxe3 c5 25. Nb3 Rac8 26. g7 Rhg8 27. Bxh6 Ng4 28. Rde1+ 1-0

[Event "Avicenna op 12th"]
[Site "Hamedan"]
[Date "2015.09.03"]
[Round "3"]
[White "Maghsoodloo, Parham"]
[Black "Godarz, Kasra"]
[Result "1-0"]
[WhiteElo "2447"]
[BlackElo "2102"]
[PlyCount "105"]
[EventDate "2015.09.02"]
[EventType "swiss"]
[EventRounds "11"]
[EventCountry "IRI"]
[SourceTitle "EXT 2016"]
[Source "ChessBase"]
[SourceDate "2015.10.08"]
[SourceVersion "1"]
[SourceVersionDate "2015.10.08"]
[SourceQuality "1"]

1. c4 Nf6 2. Nc3 e5 3. g3 Nc6 4. Bg2 Bb4 5. Nd5 Bc5 6. d3 0-0 7. Nf3 h6 8. 0-0 d6 9. a3 Nxd5 10. cxd5 Ne7 11. d4 exd4 12. Nxd4 Bf5 13. b4 Bb6 14. Bb2 Qd7 15. Nxf5 Qxf5 16. Rc1 a5 17. Rc4 axb4 18. axb4 Ng6 19. Be4 Qd7 20. Bb1 f5 21. Qc2 Ne5 22. Rf4 g5 23. Rxf5 Rxf5 24. Qxf5 Qxf5 25. Bxf5 Ra2 26. Bxe5 dxe5 27. e3 Kf8 28. Bc8 Ra7 29. Kg2 Ke7 30. Kf3 Kf6 31. Rd1 Ke7 32. Rd2 Kd8 33. Bf5 Ke7 34. Ke4 Ra4 35. Kxe5 Rxb4 36. Rc2 Rb5 37. Be6 c6 38. e4 cxd5 39. Bxd5 Rc5 40. Rb2 Bc7+ 41. Kd4 b6 42. e5 Rc1 43. f4 Bb8 44. Bc4 Re1 45. Be2 b5 46. Rxb5 Ba7+ 47. Kd3 Bg1 48. f5 Bxh2 49. Rb7+ Kf8 50. e6 Rxe2 51. Kxe2 Bxg3 52. Kf3 Bd6 53. Kg4 1-0

[Event "Rasht op"]
[Site "Rasht"]
[Date "2015.08.18"]
[Round "8"]
[White "Godarz, Kasra"]
[Black "Molaei, Mohammadamin"]
[Result "1/2-1/2"]
[WhiteElo "2082"]
[BlackElo "2151"]
[PlyCount "141"]
[EventDate "2015.08.14"]
[EventType "swiss"]
[EventRounds "11"]
[EventCountry "IRI"]
[SourceTitle "EXT 2016"]
[Source "ChessBase"]
[SourceDate "2015.10.08"]
[SourceVersion "1"]
[SourceVersionDate "2015.10.08"]
[SourceQuality "1"]

1. e4 c5 2. c3 g6 3. d4 cxd4 4. cxd4 d5 5. e5 Bg7 6. h3 Nc6 7. Nc3 h5 8. Nf3 Nh6 9. Qb3 Nf5 10. Be3 e6 11. Bd3 Nxe3 12. fxe3 Bh6 13. Kf2 0-0 14. Rhe1 f6 15. exf6 Qxf6 16. Kg1 g5 17. Nh2 Nxd4 18. Qd1 Nf5 19. Qxh5 Ng3 20. Qf3 Qxf3 21. Nxf3 Bd7 22. Kh2 Nh5 23. Rad1 Nf6 24. Ne5 Bc6 25. Bc2 Rad8 26. e4 d4 27. Ne2 Bxe4 28. Bxe4 Nxe4 29. Rxd4 Nd2 30. Nd7 Rf1 31. Rxf1 Nxf1+ 32. Kg1 Bg7 33. Nf6+ Bxf6 34. Rxd8+ Bxd8 35. Kxf1 Bf6 36. b3 Be5 37. Kf2 Kf7 38. Ke3 a6 39. Ke4 Kf6 40. Nc1 Bd6 41. Nd3 b5 42. Nf2 Ke7 43. Kf3 Kf7 44. Ne4 Be7 45. Nf2 a5 46. Ke4 Bd6 47. a4 bxa4 48. bxa4 Kg6 49. g4 Bc7 50. Nd3 Kf6 51. Nb2 Ke7 52. Nc4 Kd7 53. Kd4 Kc6 54. Nd2 Bf4 55. Nf3 Kd6 56. Ke4 Bc1 57. Nd4 Bb2 58. Nb3 Bc3 59. Kd3 Bb4 60. Kd4 Be1 61. Nc1 Bf2+ 62. Ke4 Be1 63. Nb3 Bc3 64. Kd3 Bb4 65. Ke4 Bc3 66. Kd3 Bb4 67. Kd4 Be1 68. Nc1 Bf2+ 69. Kc4 e5 70. Nb3 Be1 71. Nc5 1/2-1/2

[Event "Fajr op 23rd"]
[Site "Urmia"]
[Date "2015.02.21"]
[Round "6"]
[White "Godarz, Kasra"]
[Black "Starostits, Ilmars"]
[Result "0-1"]
[WhiteElo "2123"]
[BlackElo "2454"]
[PlyCount "88"]
[EventDate "2015.02.18"]
[EventType "swiss"]
[EventRounds "9"]
[EventCountry "IRI"]
[SourceTitle "CBM 164 Extra"]
[Source "ChessBase"]
[SourceDate "2015.03.02"]
[SourceVersion "1"]
[SourceVersionDate "2015.03.02"]
[SourceQuality "1"]

1. e4 c5 2. c3 g6 3. d4 cxd4 4. cxd4 d5 5. exd5 Nf6 6. Bc4 Bg7 7. Nf3 0-0 8. Nc3 Nbd7 9. Bg5 Nb6 10. Qb3 Bf5 11. Bxf6 Bxf6 12. 0-0 Rc8 13. Be2 Qd6 14. Rac1 Rfd8 15. Rfd1 Kg7 16. h3 h5 17. Bd3 Bxd3 18. Rxd3 Rc4 19. a3 Qc7 20. Re1 Nxd5 21. Ne5 Bxe5 22. dxe5 Nb6 23. Qd1 Rxd3 24. Qxd3 Rf4 25. Qe3 Qc4 26. Rd1 Rf5 27. g3 Qe6 28. f4 Nc4 29. Qxa7 h4 30. Ne2 hxg3 31. Nd4 Qc8 32. Nxf5+ Qxf5 33. Rc1 Qxf4 34. Rxc4 Qxc4 35. Qxb7 Qe2 36. Qg2 Qe3+ 37. Kh1 Qe1+ 38. Qg1 Qxe5 39. Qc1 Qe4+ 40. Kg1 Qd4+ 41. Kh1 e5 42. Qc2 f5 43. Qc7+ Kh6 44. Qe7 Qe4+ 0-1

[Event "Fajr op 23rd"]
[Site "Urmia"]
[Date "2015.02.19"]
[Round "2"]
[White "Godarz, Kasra"]
[Black "Pourkashiyan, Atousa"]
[Result "1-0"]
[WhiteElo "2123"]
[BlackElo "2361"]
[PlyCount "127"]
[EventDate "2015.02.18"]
[EventType "swiss"]
[EventRounds "9"]
[EventCountry "IRI"]
[SourceTitle "CBM 164 Extra"]
[Source "ChessBase"]
[SourceDate "2015.03.02"]
[SourceVersion "1"]
[SourceVersionDate "2015.03.02"]
[SourceQuality "1"]

1. e4 d6 2. d4 Nf6 3. Nc3 g6 4. Nf3 Bg7 5. Bc4 0-0 6. Qe2 Bg4 7. e5 dxe5 8. dxe5 Nfd7 9. e6 Ne5 10. exf7+ Kh8 11. Bh6 Nxf3+ 12. gxf3 Bxh6 13. fxg4 Nc6 14. Rd1 Nd4 15. Qe4 c5 16. h4 e6 17. g5 Bg7 18. h5 Qxg5 19. hxg6 h6 20. Kf1 Rad8 21. Rd3 Nf5 22. Bxe6 Rxd3 23. Qxd3 Nd4 24. Bc4 a6 25. Qg3 Qxg3 26. fxg3 Nf5 27. Kf2 Bd4+ 28. Kf3 Kg7 29. Bd3 Ne7 30. Ne2 Nxg6 31. Nxd4 cxd4 32. Bxg6 Kxg6 33. Rh2 Rxf7+ 34. Ke4 Kg5 35. Kxd4 Rf3 36. Kc5 b5 37. a4 Rf5+ 38. Kb4 bxa4 39. Kxa4 a5 40. c4 h5 41. Rc2 Rc5 42. b4 axb4 43. Kxb4 Rc8 44. c5 Kf6 45. Kb5 Ke7 46. Rd2 Rb8+ 47. Kc6 Rb3 48. Rd5 Rxg3 49. Rxh5 Kd8 50. Rh8+ Ke7 51. Kc7 Rc3 52. c6 Rc1 53. Rh2 Ke6 54. Rd2 Rc3 55. Kb7 Rb3+ 56. Kc8 Rc3 57. c7 Ke7 58. Rd4 Rc1 59. Re4+ Kd6 60. Rd4+ Ke7 61. Rd2 Ke8 62. Rb2 Ke7 63. Kb8 Kd7 64. Rd2+ 1-0

[Event "IRI-ch"]
[Site "Mashhad"]
[Date "2015.01.24"]
[Round "7"]
[White "Hamidi, Amir Mohammad"]
[Black "Godarz, Kasra"]
[Result "0-1"]
[WhiteElo "1963"]
[BlackElo "2106"]
[PlyCount "68"]
[EventDate "2015.01.20"]
[EventType "swiss"]
[EventRounds "11"]
[EventCountry "IRI"]
[SourceTitle "CBM 164 Extra"]
[Source "ChessBase"]
[SourceDate "2015.03.02"]
[SourceVersion "1"]
[SourceVersionDate "2015.03.02"]
[SourceQuality "1"]

1. c4 Nf6 2. Nc3 d5 3. cxd5 Nxd5 4. Nf3 g6 5. Qa4+ Nc6 6. g3 Bg7 7. Bg2 0-0 8. 0-0 Nb6 9. Qh4 Bf6 10. Qh6 Bg7 11. Qh4 e5 12. Qxd8 Nxd8 13. d3 Bd7 14. Bd2 Bc6 15. Rac1 a5 16. Ng5 Bxg2 17. Kxg2 f5 18. Nb5 h6 19. Nh3 c6 20. Nc7 Rb8 21. Bxa5 Nc8 22. Bb4 Rf7 23. Ba5 b6 24. Na6 Ra8 25. Nb4 bxa5 26. Nxc6 Nxc6 27. Rxc6 Ne7 28. Rb6 Nd5 29. Rxg6 Rc7 30. e4 fxe4 31. dxe4 Nf6 32. f4 Rc2+ 33. Kf3 Kf7 34. f5 Rd8 0-1

[Event "IRI-ch"]
[Site "Mashhad"]
[Date "2015.01.23"]
[Round "6"]
[White "Godarz, Kasra"]
[Black "Khodashenas, Mersad"]
[Result "0-1"]
[WhiteElo "2106"]
[BlackElo "2221"]
[PlyCount "66"]
[EventDate "2015.01.20"]
[EventType "swiss"]
[EventRounds "11"]
[EventCountry "IRI"]
[SourceTitle "CBM 164 Extra"]
[Source "ChessBase"]
[SourceDate "2015.03.02"]
[SourceVersion "1"]
[SourceVersionDate "2015.03.02"]
[SourceQuality "1"]

1. e4 e5 2. Nf3 Nf6 3. Nxe5 d6 4. Nf3 Nxe4 5. d4 d5 6. Bd3 Bd6 7. 0-0 0-0 8. c4 c6 9. cxd5 cxd5 10. Nc3 Nxc3 11. bxc3 Bg4 12. Rb1 Nd7 13. h3 Bh5 14. Rb5 Nb6 15. c4 Bxf3 16. Qxf3 dxc4 17. Bc2 Qd7 18. a4 Bc7 19. Be3 a6 20. Rc5 Bd6 21. Rh5 g6 22. Bh6 f5 23. Bxf8 Rxf8 24. Rb1 Bc7 25. Rh4 Nd5 26. Rxb7 Bh2+ 27. Kxh2 Qxb7 28. Qe2 Qc6 29. a5 Rf7 30. g3 Re7 31. Qf3 Kg7 32. Kg2 Re2 33. Qxe2 Ne3+ 0-1

[Event "Armen Norouz Cup 1st"]
[Site "Esfahan"]
[Date "2011.03.31"]
[Round "9"]
[White "Godarz, Kasra"]
[Black "Derakhshani, Dorsa"]
[Result "0-1"]
[WhiteElo "2021"]
[BlackElo "1900"]
[PlyCount "61"]
[EventDate "2011.03.25"]
[EventType "swiss"]
[EventRounds "9"]
[EventCountry "IRI"]
[SourceTitle "CBM 141 Extra"]
[Source "ChessBase"]
[SourceDate "2011.05.03"]
[SourceVersion "1"]
[SourceVersionDate "2011.05.03"]
[SourceQuality "1"]

1. e4 e5 2. Nf3 Nc6 3. Bb5 a6 4. Ba4 d6 5. c3 f5 6. d3 Nf6 7. Qe2 Be7 8. Nbd2 b5 9. Bb3 Na5 10. Bc2 0-0 11. b4 Nc6 12. Bb3+ Kh8 13. Ng5 d5 14. exd5 Nxd5 15. Bxd5 Qxd5 16. Ngf3 Rd8 17. Bb2 Qxd3 18. Qxd3 Rxd3 19. 0-0-0 Be6 20. Nb3 Rad8 21. Rxd3 Rxd3 22. Rd1 Rxd1+ 23. Kxd1 Kg8 24. Kc2 Bd5 25. Ne1 e4 26. a3 Kf7 27. g3 g5 28. Ng2 Be6 29. Bc1 Kg6 30. Be3 Ne5 31. Nc5 0-1